00712nam a2200181 a 450000100100000000500170001000800410002702000150006804000250008324500690010826000710017730000350024850400310028370000390031471000550035395201050040899900170051300004247020201002040157.0131204s2002 sp af 000 0 spa d a8436935918 aDO-SdBNPbspacBNPHU00aAntigua capital del reino de Guatemala /cJavier Aguilera Rojas. aBarcelona ; :bMinisterio de Educación Cultura y Deporte,c2002. a170 p. :bil, lám. ;c32 cm. aBibliografía : p. 160 p.1 aAguilera Rojas, Javiereed.9696512 aMinisterio de Educación Cultura y Deporte960914 001050718MOaGRbGRcCTd2013-12-04iLF1l0o p42470-10r2020-06-25w2020-06-25y1ZNo se presta c41959d41959